00388nam a2200145 a 450000100060000000300090000600800410001504000280005608200150008410000230009924500370012226000490015930000110020865000230021915186CO-ViMGA141112s2004 ck r 000 u spa d aCO-ViMGAbspacCO-ViMGA04a340.1 R6531 aRomero Soto, Julio10aCurso de Sociología Jurídica aBogotá, cLibreria del profesional, c1979 a374.p.14aDERECHO Y SOCIEDAD